Sports Quiz

Random Sports or Football Quiz

2017 NFL Hall of Fame Quiz Stats

 Plays Quiz Updated Sep 7, 2017

Challenge
Share
Tweet
Score 0/7 Timer 01:00
8 Plays Today
% Correct
Kurt Warner
94.8%
Jerry Jones
93.2%
LaDainian Tomlinson
90.4%
Terrell Davis
89.1%
Jason Taylor
87.7%
Morten Andersen
85.3%
Kenny Easley
82.5%

You're not logged in!

Compare scores with friends on all Sporcle quizzes.
Join for Free
OR
Log In

You Might Also Like...

Show Comments

Extras

Top Quizzes Today


Score Distribution

Your Account Isn't Verified!

In order to create a playlist on Sporcle, you need to verify the email address you used during registration. Go to your Sporcle Settings to finish the process.

Report this User

Report this user for behavior that violates our Community Guidelines.

Details: